People by Images - 'D' - Statistics

General Stats
  • This quiz has been taken 69 times
  • The average score is 6 of 16
Answer Stats
Picture Hint Answer % Correct
Princess Diana
97%
Footballer David Beckham
91%
Bishop Desmond Tutu
77%
President Dwight D. Eisenhower
77%
Biologist David Attenborough
59%
General Douglas MacArthur
53%
Conservationist Dian Fossey
39%
Actor David Tennant
38%
Prime Minister David Lloyd George
22%
Chemist Dmitri Mendeleev
19%
Singer Donna Summer
14%
Composer Dmitri Shostakovich
9%
Athlete Denise Lewis
8%
Actress Deepika Padukone
3%
Historian Doris Kearns Goodwin
3%
Pharaoh Djoser
2%
No matching quizzes found
Score Distribution
Percent of People with Each Score
Percentile by Number Answered
Your Score History
You have not taken this quiz